Hauptstädte - richtig oder falsch (Teil3) - Statistiken

Allgemein
  • Dieses Quiz wurde 331 mal gespielt
  • Das Durchschnittsergebnis liegt bei 9 aus 10
Antwortstatistiken
Frage Antwort % Korrekt
Die Hauptstadt von Sri Lanka ist Kandy. Falsch
100%
Die Hauptstadt von Ungarn ist Bukarest. Falsch
100%
Die Hauptstadt von Deutschland ist Berlin. Richtig
100%
Die Hauptstadt von Finnland ist Helsinki. Richtig
100%
Die Hauptstadt der Niederlande ist Rotterdam. Falsch
96%
Die Hauptstadt der Vereinigten Staaten (USA) ist New York. Falsch
96%
Die Hauptstadt von Kasachstan ist Karaganda. Falsch
93%
Die Hauptstadt der Malediven ist Malé. Richtig
89%
Die Hauptstadt von Vietnam ist Vientiane. Falsch
85%
Die Hauptstadt von Monaco ist Monaco-Ville. Richtig
67%
Keine übereinstimmenden Quizze gefunden
Verteilung der Resultate
Anzahl Personen mit jedem Resultat
Perzentil nach korrekt beantworteten Fragen
Ihre Resultats-Entwicklung
Sie haben dieses Quiz noch nicht gespielt